Community college (Record no. 174360)

MARC details
000 -LEADER
fixed length control field 00557nam a2200205Ia 4500
003 - CONTROL NUMBER IDENTIFIER
control field OSt
005 - DATE AND TIME OF LATEST TRANSACTION
control field 20251110184146.0
008 - FIXED-LENGTH DATA ELEMENTS--GENERAL INFORMATION
fixed length control field 210423s2006 xx 000 0 und d
040 ## - CATALOGING SOURCE
Transcribing agency AL
041 ## - LANGUAGE CODE
Language code of text/sound track or separate title English
082 ## - DEWEY DECIMAL CLASSIFICATION NUMBER
Classification number 370
Edition number EDIC
100 ## - MAIN ENTRY--PERSONAL NAME
Personal name Marlow Ediger
9 (RLIN) 115230
245 ## - TITLE STATEMENT
Title Community college
Remainder of title : curriculum and teaching
260 ## - PUBLICATION, DISTRIBUTION, ETC.
Place of publication, distribution, etc. New Delhi
Name of publisher, distributor, etc. Discovery Publishing House
Date of publication, distribution, etc. 2006
300 ## - PHYSICAL DESCRIPTION
Extent 82p.
Other physical details HB
Dimensions 22.3x14.5cm.
365 ## - TRADE PRICE
Price amount 225
Currency code INR
700 ## - ADDED ENTRY--PERSONAL NAME
Personal name Rao, Digumarti Bhaskara
9 (RLIN) 244850
906 ## - LOCAL DATA ELEMENT F, LDF (RLIN)
a college. ; Community
942 ## - ADDED ENTRY ELEMENTS (KOHA)
Source of classification or shelving scheme Dewey Decimal Classification
Koha item type Book
Holdings
Withdrawn status Lost status Damaged status Not for loan Collection code Home library Current library Date acquired Source of acquisition Cost, normal purchase price Total Checkouts Full call number Barcode Date last seen Price effective from Koha item type
        MSW St Aloysius PG Library St Aloysius PG Library 09/27/2006 University Book House 225.00   370 EDIC PG021036 08/24/2022 04/26/2021 Book